Score 0/30 Timer 10:00
0 Plays Today
Actor Character % Correct
John Francis Daley Sam
94.2%
Linda CardelliniLindsay
92.1%
Martin StarrBill
87.7%
James FrancoDaniel
87.4%
Busy PhilippsKim
85.3%
Jason SegelNick
84%
Seth RogenKen
79.3%
Samm LevineNeal
70.7%
Joe FlahertyHarold
63.9%
Natasha MelnickCindy
63.9%
Becky Ann BakerJean
60.5%
Sarah Hagan Millie
60.2%
Jerry Messing Gordon
41.4%
Stephen Lea Sheppard Harris
38.2%
Chauncey LeopardiAlan
36.6%
Actor Character % Correct
Kayla Ewell Maureen
35.1%
Joanna Garcia Vicki
32.2%
Rashida JonesKaren
28.3%
Dave AllenJeff Rosso
27.5%
Ben Foster Eli
25.9%
Lizzy CaplanSarah
25.7%
Jessica Campbell Amy
20.2%
Thomas Wilson Coach Ben Fredericks
11.8%
Riley SmithTodd
11.5%
David KrumholtzBarry
11%
Kevin TigheCol. Andopolis
10.5%
Shia LeBeoufHerbert
8.1%
Leslie MannMiss Foote
7.9%
Jason Schwartzman Howie
6.5%
Ann Dowd Cookie
1.6%
Remove Ads.
Support Sporcle.
Get the best of Sporcle when you Go Orange. This ad-free experience offers more features, more stats, and more fun while also helping to support Sporcle. Thank you for becoming a member.

You're not logged in!

Compare scores with friends on all Sporcle quizzes.
OR
Log In

Show Comments

Extras

Top Quizzes Today


Score Distribution

Your Account Isn't Verified!

In order to create a playlist on Sporcle, you need to verify the email address you used during registration. Go to your Sporcle Settings to finish the process.

Report this User

Report this user for behavior that violates our Community Guidelines.

Details: